[Event "Mittelfranken-chTB2a 0809"]
[Site "Mittelfranken"]
[Date "2008.10.26"]
[Round "2.3"]
[White "Borel, Markus"]
[Black "Corral, Carlos"]
[Result "0-1"]
[WhiteElo "1872"]
[BlackElo "1845"]
[PlyCount "62"]
[EventDate "2008.10.12"]
[EventType "team"]
[EventRounds "9"]
[EventCountry "GER"]
[SourceTitle "EXT 2011"]
[Source "ChessBase"]
[SourceDate "2010.11.26"]
[SourceVersion "1"]
[SourceVersionDate "2010.11.26"]
[SourceQuality "1"]
[WhiteTeam "Grossenseebach II"]
[BlackTeam "Nuernberg NT V"]
[WhiteTeamCountry "GER"]
[BlackTeamCountry "GER"]

1. e4 c5 2. Nc3 Nc6 3. g3 g6 4. Bg2 Bg7 5. d3 d6 6. Nf3 Rb8 7. Be3 Nd4 8. Qd2 Bh3 9. Bxd4 cxd4 10. Bxh3 dxc3 11. bxc3 Bh6 12. Qe2 Qa5 13. 0-0 Qxc3 14. e5 dxe5 15. Nxe5 Nf6 16. f4 0-0 17. Kh1 e6 18. Bg2 Rfd8 19. Rab1 Nd5 20. Rb3 Qc5 21. Re1 Rd6 22. c4 Nb6 23. Rb5 Qa3 24. c5 Rd5 25. Bxd5 Nxd5 26. Nxf7 Kg7 27. Nxh6 Kxh6 28. Qxe6 Qxd3 29. Rb3 Qc4 30. Qd6 Re8 31. Rxe8 Qf1# 0-1

[Event "GER-chT U20"]
[Site "Kelheim"]
[Date "2007.12.30"]
[Round "7.4"]
[White "Singer, Michael"]
[Black "Borel, Markus"]
[Result "0-1"]
[WhiteElo "1773"]
[BlackElo "1930"]
[PlyCount "48"]
[EventDate "2007.12.27"]
[EventType "team-swiss"]
[EventRounds "7"]
[EventCountry "GER"]
[SourceTitle "EXT 2022"]
[Source "ChessBase"]
[SourceDate "2021.10.06"]
[SourceVersion "1"]
[SourceVersionDate "2021.10.06"]
[SourceQuality "1"]
[WhiteTeam "Kelheim SK U20"]
[BlackTeam "Grossenseebach U20"]
[WhiteTeamCountry "GER"]
[BlackTeamCountry "GER"]

1. c4 g6 2. g3 Bg7 3. Bg2 e5 4. Nc3 d6 5. e3 Nc6 6. Nge2 h5 7. d4 exd4 8. Nxd4 Ne5 9. Qe2 Nh6 10. Bd2 0-0 11. 0-0 c6 12. b3 Bg4 13. f3 Bd7 14. Rad1 Qc7 15. f4 Neg4 16. h3 Nf6 17. Qf3 Rfe8 18. Rfe1 Re7 19. Re2 Rae8 20. Rde1 Qc8 21. Kh2 h4 22. gxh4 Nh5 23. Qf2 Nf6 24. e4 Nfg4+ 0-1

[Event "Mittelfrankenliga-B1 0506"]
[Site "Germany"]
[Date "2006.01.29"]
[Round "5.4"]
[White "Metzenroth, Dieter"]
[Black "Borel, Markus"]
[Result "1/2-1/2"]
[WhiteElo "1855"]
[BlackElo "1889"]
[PlyCount "91"]
[EventDate "2005.10.16"]
[EventType "team"]
[EventRounds "9"]
[EventCountry "GER"]
[SourceTitle "EXT 2007"]
[Source "ChessBase"]
[SourceDate "2006.11.23"]
[SourceVersion "1"]
[SourceVersionDate "2006.11.23"]
[SourceQuality "1"]

1. d4 Nf6 2. Bg5 e6 3. e4 Be7 4. e5 Nd5 5. Bxe7 Qxe7 6. Qd2 d6 7. c4 Nb6 8. Nf3 Nc6 9. Nc3 0-0 10. Bd3 Rd8 11. Qe2 dxe5 12. dxe5 f6 13. exf6 gxf6 14. 0-0 Kh8 15. Rad1 Rg8 16. Rfe1 e5 17. Be4 Bh3 18. g3 Bg4 19. Bxc6 bxc6 20. Rd2 Qf7 21. b3 Qh5 22. Rd3 Rg6 23. Qe3 Rh6 24. h4 Rg8 25. Red1 Nc8 26. Kh2 Nd6 27. R1d2 Nf5 28. Qe4 Qg6 29. Rd8 Bxf3 30. Rxg8+ Kxg8 31. Rd8+ Kf7 32. Qxf3 Ke7 33. Qd3 Nd4 34. Qxg6 hxg6 35. Ra8 f5 36. Kg2 Kd6 37. Rxa7 Rh7 38. Kf1 Rh8 39. Kg2 Rc8 40. Kf1 Kc5 41. Rb7 Ne6 42. Ke2 Ra8 43. Kd3 Kd6 44. Rb4 Nc5+ 45. Kd2 Kd7 46. Ke3 1/2-1/2

[Event "Mittelfrankenliga-B1 0506"]
[Site "Germany"]
[Date "2006.01.15"]
[Round "4.4"]
[White "Martin Fernandez, Rodrigo"]
[Black "Borel, Markus"]
[Result "1-0"]
[WhiteElo "2057"]
[BlackElo "1899"]
[PlyCount "79"]
[EventDate "2005.10.16"]
[EventType "team"]
[EventRounds "9"]
[EventCountry "GER"]
[SourceTitle "EXT 2007"]
[Source "ChessBase"]
[SourceDate "2006.11.23"]
[SourceVersion "1"]
[SourceVersionDate "2006.11.23"]
[SourceQuality "1"]

1. d4 g6 2. c4 Bg7 3. Nc3 d6 4. Nf3 Nc6 5. e3 e5 6. Be2 f5 7. 0-0 Nf6 8. Rb1 0-0 9. d5 Nb8 10. b4 h6 11. Qb3 g5 12. c5 Kh8 13. cxd6 cxd6 14. Bb2 Rg8 15. Rbc1 Bf8 16. Nb5 Na6 17. Rc2 f4 18. Nxe5 dxe5 19. Bxe5 Bg7 20. Nd6 Qe7 21. exf4 gxf4 22. Bxf4 Rd8 23. Rfc1 Bg4 24. Bxa6 bxa6 25. Rc7 Nd7 26. Qg3 Bh5 27. Qh3 Bg6 28. Nf5 Bxf5 29. Qxf5 Kg8 30. d6 Qf7 31. Qg4 Nf6 32. Qg3 Rd7 33. Rxd7 Qxd7 34. Rc7 Re8 35. h3 Nh5 36. Rxd7 Nxg3 37. Bxg3 Re1+ 38. Kh2 Re2 39. Rxa7 Rxa2 40. d7 1-0

[Event "Seebach op 16th"]
[Site "Grossenseebach"]
[Date "2005.05.27"]
[Round "3"]
[White "Borel, Markus"]
[Black "Liepold, Stefan"]
[Result "0-1"]
[WhiteElo "1910"]
[BlackElo "2188"]
[PlyCount "92"]
[EventDate "2005.05.26"]
[EventType "swiss"]
[EventRounds "7"]
[EventCountry "GER"]
[SourceTitle "EXT 2018"]
[Source "ChessBase"]
[SourceDate "2017.10.13"]
[SourceVersion "1"]
[SourceVersionDate "2017.10.13"]
[SourceQuality "1"]

1. e4 e6 2. d4 d5 3. exd5 exd5 4. Bd3 Nc6 5. c3 Bd6 6. Ne2 Qh4 7. Be3 Nf6 8. Qd2 Ng4 9. Ng3 Bxg3 10. fxg3 Qe7 11. Ke2 0-0 12. h3 Nxe3 13. Qxe3 Be6 14. Re1 Rae8 15. Kf2 Qd7 16. Qf3 Ne7 17. Nd2 g6 18. Re2 Bf5 19. Rae1 Bxd3 20. Qxd3 Nf5 21. Nf3 f6 22. c4 Rxe2+ 23. Qxe2 dxc4 24. Qxc4+ Kg7 25. g4 Nd6 26. Qd3 Rf7 27. d5 Qb5 28. Qd4 Qc4 29. b3 Qxd4+ 30. Nxd4 Rd7 31. Ne6+ Kf7 32. Nc5 Re7 33. Rd1 b6 34. Ne6 Ne4+ 35. Kf3 Nc3 36. Rc1 Nxd5 37. Nd8+ Ke8 38. Nc6 Re3+ 39. Kf2 Rc3 40. Re1+ Kd7 41. Nxa7 Rc2+ 42. Kf3 c6 43. a4 Rc3+ 44. Kf2 Rxb3 45. Re4 Rb4 46. Rxb4 Nxb4 0-1

[Event "Seebach op 16th"]
[Site "Grossenseebach"]
[Date "2005.05.26"]
[Round "1"]
[White "Borel, Markus"]
[Black "Dreiseitel, Ursula"]
[Result "1-0"]
[WhiteElo "1910"]
[BlackElo "1278"]
[PlyCount "45"]
[EventDate "2005.05.26"]
[EventType "swiss"]
[EventRounds "7"]
[EventCountry "GER"]
[SourceTitle "EXT 2018"]
[Source "ChessBase"]
[SourceDate "2017.10.13"]
[SourceVersion "1"]
[SourceVersionDate "2017.10.13"]
[SourceQuality "1"]

1. e4 d6 2. d4 Nf6 3. Nc3 g6 4. Bc4 Bg7 5. Qe2 Nbd7 6. e5 dxe5 7. dxe5 Ng8 8. e6 fxe6 9. Bxe6 Nc5 10. Bc4 h6 11. Be3 Bxc3+ 12. bxc3 Ne4 13. Bd4 Ngf6 14. f3 Nxc3 15. Bxc3 Rf8 16. Rd1 Nd7 17. Qe4 Rf5 18. Qe6 Nf8 19. Rxd8+ Kxd8 20. Qe4 Bd7 21. Ne2 c6 22. Nd4 Re5 23. Qxe5 1-0

[Event "Mittelfranken-chT 0405"]
[Site "Germany"]
[Date "2005.04.17"]
[Round "9.3"]
[White "Pannek, Matthias"]
[Black "Borel, Markus"]
[Result "1/2-1/2"]
[WhiteElo "1982"]
[BlackElo "1821"]
[PlyCount "65"]
[EventDate "2004.10.17"]
[EventType "team"]
[EventRounds "9"]
[EventCountry "GER"]
[SourceTitle "EXT 2007"]
[Source "ChessBase"]
[SourceDate "2006.11.23"]
[SourceVersion "1"]
[SourceVersionDate "2006.11.23"]
[SourceQuality "1"]

1. Nc3 b6 2. d4 Bb7 3. e4 e6 4. a3 Nf6 5. Bg5 Be7 6. Bxf6 Bxf6 7. f4 a6 8. Nf3 d6 9. Bd3 Nd7 10. e5 Be7 11. Ne4 dxe5 12. fxe5 c5 13. c3 cxd4 14. cxd4 Rc8 15. 0-0 Nb8 16. Rc1 Rxc1 17. Qxc1 Nc6 18. Qe3 0-0 19. Kh1 Kh8 20. Rc1 b5 21. Nc5 Bxc5 22. dxc5 Qc7 23. Qe4 g6 24. Qh4 Qd8 25. Qh6 Rg8 26. Be2 Ne7 27. Rd1 Bd5 28. Qg5 Rf8 29. h4 Nf5 30. Qf4 Qe7 31. b4 f6 32. Kh2 Ng7 33. Kh3 1/2-1/2

[Event "Mittelfranken-chT 0405"]
[Site "Germany"]
[Date "2005.03.13"]
[Round "7.5"]
[White "Feist, Reiner"]
[Black "Borel, Markus"]
[Result "0-1"]
[WhiteElo "1744"]
[BlackElo "1869"]
[PlyCount "120"]
[EventDate "2004.10.17"]
[EventType "team"]
[EventRounds "9"]
[EventCountry "GER"]
[SourceTitle "EXT 2007"]
[Source "ChessBase"]
[SourceDate "2006.11.23"]
[SourceVersion "1"]
[SourceVersionDate "2006.11.23"]
[SourceQuality "1"]

1. d4 g6 2. e4 Bg7 3. f4 d5 4. e5 h5 5. Nf3 Bg4 6. h3 Bxf3 7. Qxf3 e6 8. g3 Nh6 9. Be3 Nc6 10. c3 Qd7 11. Nd2 Nf5 12. Bf2 0-0-0 13. b4 Bf8 14. a3 Be7 15. Nb3 g5 16. b5 Nb8 17. fxg5 Bxg5 18. Nc5 Qe8 19. h4 Be7 20. Bd3 Nh6 21. Qxh5 Qg8 22. Qf3 Bxc5 23. dxc5 Ng4 24. Bd4 Nd7 25. Qf4 Qg7 26. Be2 Rdg8 27. Bxg4 Qxg4 28. Kf2 Rh5 29. Qxg4 Rxg4 30. Rae1 Nf8 31. Kf3 Rg7 32. g4 Rh8 33. g5 Rh5 34. Kg4 Rgh7 35. Re3 Ng6 36. Reh3 Kd8 37. c6 b6 38. Kg3 Ne7 39. Kg4 Nf5 40. Bf2 Ke8 41. a4 Ne7 42. a5 Ng6 43. axb6 Nxe5+ 44. Kg3 axb6 45. Ra1 f6 46. gxf6 Kf7 47. Bd4 Nc4 48. Ra7 Kg6 49. Ra8 e5 50. Bf2 Kxf6 51. Kg4 R5h6 52. h5 Rg7+ 53. Kh4 Nd6 54. Rf8+ Ke7 55. Rff3 Ke6 56. Be3 Rh8 57. h6 Nf5+ 58. Kh5 Rg2 59. Bd2 Rxd2 60. Rd3 Rg2 0-1

[Event "Mittelfranken-chT 0405"]
[Site "Germany"]
[Date "2005.01.23"]
[Round "5.5"]
[White "Seregelyes, Csaba"]
[Black "Borel, Markus"]
[Result "1-0"]
[WhiteElo "2137"]
[BlackElo "1870"]
[PlyCount "81"]
[EventDate "2004.10.17"]
[EventType "team"]
[EventRounds "9"]
[EventCountry "GER"]
[SourceTitle "EXT 2007"]
[Source "ChessBase"]
[SourceDate "2006.11.23"]
[SourceVersion "1"]
[SourceVersionDate "2006.11.23"]
[SourceQuality "1"]

1. d4 g6 2. Nf3 Bg7 3. e3 d6 4. b3 c5 5. Bb2 cxd4 6. exd4 Nf6 7. Bb5+ Nbd7 8. 0-0 0-0 9. Re1 a6 10. Bd3 b5 11. a4 b4 12. a5 Bb7 13. Nbd2 Nd5 14. Nc4 N7f6 15. Nfd2 Nc3 16. Bxc3 bxc3 17. Nf3 Nd7 18. Be2 Qc7 19. d5 Qc5 20. Ne3 e5 21. b4 Qc7 22. Bc4 h6 23. Qe2 f5 24. Red1 Nf6 25. Nxe5 Kh7 26. Nd3 Ne4 27. Nf4 Bc8 28. Ne6 Bxe6 29. dxe6 Nd2 30. Bxa6 Qc6 31. Bc4 f4 32. Bd5 Qc7 33. Nc4 Nxc4 34. Qxc4 Qxc4 35. Bxc4 Rab8 36. b5 Be5 37. a6 Rfe8 38. a7 Rbc8 39. Bd5 Kg7 40. a8Q Rxa8 41. Rxa8 1-0

[Event "GER-chT U16"]
[Site "Dittrichshuette"]
[Date "2004.12.30"]
[Round "6"]
[White "Fragin, Ilja"]
[Black "Borel, Markus"]
[Result "0-1"]
[WhiteElo "1853"]
[BlackElo "1862"]
[PlyCount "96"]
[EventDate "2004.12.27"]
[EventType "team"]
[EventRounds "6"]
[EventCountry "GER"]
[SourceTitle "EXT 2006"]
[Source "ChessBase"]
[SourceDate "2005.11.24"]
[SourceVersion "1"]
[SourceVersionDate "2005.11.24"]
[SourceQuality "1"]

1. e4 c5 2. Nf3 d6 3. d4 cxd4 4. Nxd4 Nf6 5. Nc3 a6 6. f3 e6 7. Be3 Qc7 8. Qd2 Nc6 9. 0-0-0 Nd7 10. Nb3 b6 11. g4 Nce5 12. Be2 Bb7 13. h4 Rc8 14. h5 b5 15. g5 b4 16. Nb1 Nb6 17. Bf4 Nbc4 18. Bxc4 Nxc4 19. Qd3 a5 20. N1d2 Ba6 21. Nxc4 Bxc4 22. Qd2 a4 23. Na1 e5 24. Be3 Qb7 25. Rh2 Bxa2 26. f4 Bc4 27. fxe5 dxe5 28. g6 f6 29. h6 hxg6 30. hxg7 Bxg7 31. Rxh8+ Bxh8 32. Qd6 Bg7 33. Rh1 g5 34. Bc5 Qc7 35. Rh7 Qxd6 36. Bxd6 Kf7 37. Bxb4 Bd3 38. b3 Bxe4 39. Rh2 axb3 40. Nxb3 Bd5 41. Nd2 Kg6 42. Nf1 f5 43. Ne3 Bf3 44. Rd2 Bf6 45. Rd6 Rc6 46. Rd7 f4 47. Nf1 Be4 48. c3 g4 0-1

[Event "Mittelfranken-chT 0405"]
[Site "Germany"]
[Date "2004.12.05"]
[Round "3.7"]
[White "Borel, Markus"]
[Black "Mueller, Maximilian1111"]
[Result "1-0"]
[WhiteElo "1873"]
[BlackElo "1910"]
[PlyCount "73"]
[EventDate "2004.10.17"]
[EventType "team"]
[EventRounds "9"]
[EventCountry "GER"]
[SourceTitle "EXT 2007"]
[Source "ChessBase"]
[SourceDate "2006.11.23"]
[SourceVersion "1"]
[SourceVersionDate "2006.11.23"]
[SourceQuality "1"]

1. e4 c5 2. d3 Nc6 3. g3 d6 4. Bg2 g6 5. f4 Bg7 6. Nf3 Nf6 7. 0-0 0-0 8. Nc3 Qc7 9. h3 Rb8 10. g4 b5 11. f5 e6 12. Nh2 Nd4 13. g5 Nh5 14. f6 Bh8 15. Ng4 Rd8 16. Be3 b4 17. Bxd4 cxd4 18. Ne2 e5 19. Nh6+ Kf8 20. Kh2 Qc5 21. Bf3 Nf4 22. Nxf4 exf4 23. h4 Qe5 24. Qe1 Be6 25. Bg4 d5 26. Bxe6 fxe6 27. exd5 Rxd5 28. Qxe5 Rxe5 29. Rae1 Rc5 30. Rxe6 Rxc2+ 31. Kh3 Rd2 32. Rxf4 Rxd3+ 33. Kg4 Re3 34. Rd6 d3 35. Rd7 Re5 36. Rfd4 Rbe8 37. Rf7# 1-0

[Event "GER-chT U16"]
[Site "Greifswald"]
[Date "2003.12.29"]
[Round "5.2"]
[White "Borel, Markus"]
[Black "Gebhardt, Martin"]
[Result "1/2-1/2"]
[WhiteElo "1926"]
[BlackElo "1635"]
[PlyCount "104"]
[EventDate "2003.12.27"]
[EventType "team-swiss"]
[EventRounds "7"]
[EventCountry "GER"]
[SourceTitle "EXT 2022"]
[Source "ChessBase"]
[SourceDate "2021.10.06"]
[SourceVersion "1"]
[SourceVersionDate "2021.10.06"]
[SourceQuality "1"]
[WhiteTeam "Grossenseebach U16"]
[BlackTeam "Apolda TSG U16"]
[WhiteTeamCountry "GER"]
[BlackTeamCountry "GER"]

1. e4 e6 2. d3 d5 3. Nd2 Nf6 4. g3 c5 5. Bg2 Nc6 6. Ngf3 Be7 7. 0-0 Qc7 8. h3 b6 9. Nh2 Bb7 10. Re1 0-0-0 11. a3 g5 12. c3 dxe4 13. Nxe4 Nxe4 14. Bxe4 f5 15. Bg2 e5 16. Qe2 Bf6 17. Bd2 Qd7 18. Nf3 h6 19. Bf1 f4 20. Nh2 h5 21. b4 Ba6 22. c4 Nd4 23. Qd1 Nf5 24. bxc5 bxc5 25. Rb1 fxg3 26. fxg3 Nxg3 27. Qf3 Bb7 28. Rxb7 Qxb7 29. Qxg3 g4 30. Bg2 Qd7 31. Qf2 Qd6 32. Qf5+ Rd7 33. Rb1 Kd8 34. Rf1 Ke7 35. Bg5 Bxg5 36. Qxg5+ Ke8 37. Be4 Re7 38. Bg6+ Kd7 39. Bf5+ Kc7 40. Be4 Rb8 41. Bd5 e4 42. Bxe4 Rb2 43. Qf4 Re5 44. hxg4 hxg4 45. Nxg4 Rg5 46. Qf7+ Qd7 47. Qxd7+ Kxd7 48. Bf5+ Kd6 49. Kh1 Rh5+ 50. Kg1 Rg5 51. Kh1 Rh5+ 52. Kg1 Rg5 1/2-1/2

[Event "GER-chT U16"]
[Site "Greifswald"]
[Date "2003.12.28"]
[Round "3.2"]
[White "Strohhaeker, Ralph"]
[Black "Borel, Markus"]
[Result "0-1"]
[WhiteElo "2131"]
[BlackElo "1926"]
[PlyCount "90"]
[EventDate "2003.12.27"]
[EventType "team-swiss"]
[EventRounds "7"]
[EventCountry "GER"]
[SourceTitle "EXT 2022"]
[Source "ChessBase"]
[SourceDate "2021.10.06"]
[SourceVersion "1"]
[SourceVersionDate "2021.10.06"]
[SourceQuality "1"]
[WhiteTeam "Conweiler U16"]
[BlackTeam "Grossenseebach U16"]
[WhiteTeamCountry "GER"]
[BlackTeamCountry "GER"]

1. c4 g6 2. Nc3 Bg7 3. e4 d6 4. d4 Nc6 5. Be3 e5 6. Nge2 exd4 7. Nxd4 Nge7 8. Be2 0-0 9. 0-0 f5 10. Qd2 fxe4 11. Nxe4 Nf5 12. Nxf5 Bxf5 13. Ng5 Qf6 14. c5 Kh8 15. cxd6 cxd6 16. Rfd1 Qxb2 17. Qxb2 Bxb2 18. Rac1 h6 19. Rc4 hxg5 20. Bxg5 Kg7 21. g4 d5 22. Rc5 Be6 23. Rb5 Bf6 24. Rxb7+ Rf7 25. Bxf6+ Kxf6 26. Rb2 Ne5 27. h3 Nc4 28. Rb4 Kg7 29. Ra1 Re8 30. Bd3 Rc7 31. Kg2 Bf7 32. Rab1 Nb6 33. Kg3 Rcc8 34. Ba6 Rc3+ 35. Kg2 Ra3 36. Bb5 Rxa2 37. h4 Nc4 38. Bxc4 dxc4 39. h5 Bd5+ 40. Kg3 Ra3+ 41. Kh4 Rf3 42. Rb8 c3 43. Rc1 Re4 44. hxg6 Be6 45. Rg1 Kxg6 0-1

[Event "Seebach op 14th"]
[Site "Grossenseebach"]
[Date "2003.06.21"]
[Round "5"]
[White "Braussemann, Ingo"]
[Black "Borel, Markus"]
[Result "1/2-1/2"]
[WhiteElo "1830"]
[BlackElo "1779"]
[PlyCount "69"]
[EventDate "2003.06.19"]
[EventType "swiss"]
[EventRounds "7"]
[EventCountry "GER"]
[SourceTitle "EXT 2018"]
[Source "ChessBase"]
[SourceDate "2017.10.13"]
[SourceVersion "1"]
[SourceVersionDate "2017.10.13"]
[SourceQuality "1"]

1. e4 c5 2. Nf3 d6 3. Bb5+ Nd7 4. 0-0 a6 5. Bxd7+ Bxd7 6. e5 e6 7. d4 d5 8. c3 cxd4 9. cxd4 Ne7 10. Nc3 Rc8 11. Bg5 Qc7 12. Bxe7 Bxe7 13. Qd2 0-0 14. Rfc1 Bc6 15. Rc2 b5 16. Rac1 Qb6 17. Ne2 b4 18. b3 a5 19. Nf4 Bd7 20. Nh5 Rxc2 21. Rxc2 Kh8 22. Qc1 Qa6 23. Rc7 Rc8 24. Ng5 Rxc7 25. Qxc7 Qc8 26. Qxc8+ Bxc8 27. Nxf7+ Kg8 28. Nd6 Bxd6 29. exd6 Kf7 30. Kf1 g6 31. Nf4 Ke8 32. Ke1 Kd7 33. Nd3 Kxd6 34. Ne5 Ba6 35. Kd2 1/2-1/2

[Event "Seebach op 14th"]
[Site "Grossenseebach"]
[Date "2003.06.19"]
[Round "2"]
[White "Borel, Markus"]
[Black "Glitz, Martin"]
[Result "0-1"]
[WhiteElo "1779"]
[BlackElo "1979"]
[PlyCount "96"]
[EventDate "2003.06.19"]
[EventType "swiss"]
[EventRounds "7"]
[EventCountry "GER"]
[SourceTitle "EXT 2018"]
[Source "ChessBase"]
[SourceDate "2017.10.13"]
[SourceVersion "1"]
[SourceVersionDate "2017.10.13"]
[SourceQuality "1"]

1. e4 c6 2. d4 d5 3. e5 Bf5 4. h4 h5 5. c4 dxc4 6. Bxc4 e6 7. Nc3 Nd7 8. Nge2 Nb6 9. Bd3 Bxd3 10. Qxd3 Qd7 11. Be3 0-0-0 12. a3 Be7 13. b4 Kb8 14. Rb1 Nh6 15. a4 Nf5 16. a5 Nd5 17. Nxd5 Qxd5 18. Nc3 Qxg2 19. Kd2 Qf3 20. Ne4 Rd5 21. Rhc1 Rhd8 22. Rc4 f6 23. Nc3 R5d7 24. exf6 Bxf6 25. Ne2 e5 26. Rb3 Ka8 27. Kc2 exd4 28. Bf4 Qxf2 29. b5 cxb5 30. Rxb5 Ne3+ 31. Bxe3 Qxe3 32. Rbc5 Qxd3+ 33. Kxd3 Kb8 34. Rxh5 Rd5 35. Nf4 Rxh5 36. Nxh5 Bxh4 37. Nxg7 Bf6 38. Ne6 Rd7 39. Nxd4 Bxd4 40. Rxd4 Rxd4+ 41. Kxd4 Kc7 42. Kc5 Kd7 43. Kb5 Kd6 44. a6 b6 45. Kc4 Kc6 46. Kb4 Kd6 47. Kc4 Ke5 48. Kc3 Kd5 0-1